Identifikácia hrdinov ako metóda profilovania budúcich a súčasných zamestnancov

Identifikácia hrdinov a nimi predstavovaných hodnôt ako jedna z metód kvalifikácie zamestnancov. Hodnotenie pripravenosti ľudských zdrojov na základe ich osobnostných znakov a hodnotového profilu.

Gespeichert in:
Bibliographische Detailangaben
1. Verfasser: Šajgalíková, Helena
Weitere Verfasser: Copuš, Lukáš
Format: Buchkapitel
Sprache:Slowakisch
Schlagworte:
Tags: Tag hinzufügen
Keine Tags, Fügen Sie das erste Tag hinzu!

MARC

LEADER 00000naa$a2200000$$$4500
001 0260809
005 20240712114445.2
041 0 |a slo 
044 |a SK 
245 1 0 |a Identifikácia hrdinov ako metóda profilovania budúcich a súčasných zamestnancov  |c Helena Šajgalíková, Lukáš Copuš 
520 |a Identifikácia hrdinov a nimi predstavovaných hodnôt ako jedna z metód kvalifikácie zamestnancov. Hodnotenie pripravenosti ľudských zdrojov na základe ich osobnostných znakov a hodnotového profilu. 
610 2 0 |a zdroje ľudské 
610 2 0 |a manažment personálny 
610 2 0 |a zamestnanci 
610 2 0 |a študenti 
100 1 |a Šajgalíková, Helena 
700 1 |a Copuš, Lukáš